000 00398 a2200157 4500
001 73834
020 _a
040 _cAnchieta - Colégio São Paulo
100 _aFreitas Neto, Luis Antonio de
240 1 0 _aA vida de Wolfgang Amadeus Mozart
_lpor
245 1 0 _aA vida de Wolfgang Amadeus Mozart
300 _a194
362 0 _a2001
650 4 _aBiografia, Genealogia, Insígnia
942 _cBK
999 _c73834
_d73834